Las entrevistas de selección de personal

-д хадгалсан:
Номзүйн дэлгэрэнгүй
Үндсэн зохиолч: Fraser, John Munro (Зохиогч)
Формат: Ном
Хэл сонгох:испани
Хэвлэсэн: Bilbao Deusto 1983
Нөхцлүүд:
Шошгууд: Шошго нэмэх
Шошго байхгүй, Энэхүү баримтыг шошголох эхний хүн болох!

MARC

LEADER 00000nam a2200000 a 4500
001 UCQ1197
003 CL-VaPUC
008 980709e19830000SP |||||||||||||||||spa|d
082 0 4 |a 658.3112  |b FRA  |2 21 
100 0 |a Fraser, John Munro  |e author  |9 414876 
245 1 4 |a Las entrevistas de selección de personal 
300 |a 191 p 
942 |c BK 
945 |d 19980709 00:00:00  |a cmena 
260 |a Bilbao  |b Deusto  |c 1983 
650 0 |a Entrevistas  |9 265537 
650 7 |a SELECCION DEL PERSONAL  |2 CL-VaPUC  |9 324534 
650 0 |a Administración del personal  |9 260442 
650 7 |a CALIFICACION PARA EL EMPLEO  |2 CL-VaPUC  |9 343749 
650 0 |a Recursos humanos   |9 228420 
650 0 |a Psicología industrial  |9 271739 
583 |a last modification  |c 19980709 00:00:00  |k Rodrigo Vera 
999 |c 272201  |d 272199 
952 |0 0  |1 0  |4 0  |6 658_311200000000000_FRA_1983  |7 0  |8 A  |9 307083  |a BIBENE  |b BIBENE  |d 2019-11-20  |i 1437275  |o 658.3112 FRA 1983  |p 1437275  |r 2025-01-15  |w 2019-11-20  |y BK  |k ICO